Europe and America : the prospects for partnership
Αποθηκεύτηκε σε:
| Κύριος συγγραφέας: | |
|---|---|
| Μορφή: | Βιβλίο |
| Γλώσσα: | English |
| Δημοσίευση: |
London :
Routledge,
c1996
|
| Έκδοση: | 2nd ed. |
| Θέματα: | |
| Ετικέτες: |
Προσθήκη ετικέτας
Δεν υπάρχουν, Καταχωρήστε ετικέτα πρώτοι!
|
MARC
| LEADER | 00000nam a2200000 i 4500 | ||
|---|---|---|---|
| 001 | 1/94882 | ||
| 008 | 991130s1996 eng d | ||
| 020 | |a 0-415-13864-7 | ||
| 035 | |l 10055036 | ||
| 040 | |a GR-MY-UA |b gre |e aacr | ||
| 041 | 0 | |a eng | |
| 082 | 0 | |a 337.4073 | |
| 100 | 0 | |a Peterson, John |d 1958- | |
| 245 | 1 | 0 | |a Europe and America : |b the prospects for partnership / |c John Peterson |
| 250 | |a 2nd ed. | ||
| 260 | |a London : |b Routledge, |c c1996 | ||
| 300 | |a xii, 240 σ.; |c 24 εκ. | ||
| 504 | |a Περιέχει βιβλιογραφιές παραπομπές (σ. [211]-232) και ευρετήριο | ||
| 610 | 2 | 0 | |a European Economic Community |z United States. |
| 651 | 0 | |a United States |x Foreign economic relations |z Europe. | |
| 651 | 0 | |a Europe |x Foreign economic relations |z United States. | |
| 852 | |a INST |b LESVOS |e 19991130 |h 337.4073 PET |p 005100021622 |q 005100021622 |t BK |y 0 | ||
| 901 | |a BIBL1-2000-1 | ||
| 909 | |a Λ |b 070264 | ||
| 922 | |a 1ΕΛΗ |b 199911 |c ΚΠΣ/ΤΓ |d LEADER | ||
| 950 | |a 118-1999-09-03 | ||
| 970 | |a ΤΖΑΦΕΡΗ |b ΕΥΑΓΓΕΛΙΑ |z 2000/02/10 | ||